000
00288nam a22001337a 4500
008
170828b xxu||||| |||| 00| 0 eng d
020
_a
9780312404581
041
_a
eng
080
_a
070
100
_a
93
101
_a
MED
245
_a
PUBLIC SPEAKING
_c
MARTINS.ST
942
_2
udc
_c
BK
999
_c
25158
_d
25158